00839nam a22002417a 450000500170000001000130001702000230003003500130005303700160006604000120008208200160009410000260011024500650013626000380020127000420023930000240028150000510030565000280035665000370038494200250042199900190044695201320046520170124105915.0 aA-604691 c200.00a8185689075 aA-604691 bCen Lib/Ret aDPLbEN a020.92bSAT aSatija, M. P.9106522 aS R Ranganathan and the method of science /cby M. P. Satija aNew DelhibAditya Prakashanc1992 aF-14/65 Model Town II,bDelhie110009 aIix,181p.c22cm(Hb) aIncludes bibliographical references and index aLibrary Science9106523 aPhilosophy-Library Science92258 2ddccENh020.92mSAT c122782d122782 001040718REFaLbLd2015-05-30eCen Lib/Retg200.00l0o020.92 SATpA-604691r2015-05-30 00:00:00t1v200.00w2016-09-15yEN